Scale. The Universal Laws of Growth, Innovation, Sustainability, and the Pace of Life in Organisms, Cities, Economies, and Companies

Guardat en:
Dades bibliogràfiques
Autor principal: West, Geoffrey
Format: Desconegut
Idioma:anglès
Publicat: New York, USA. Penguin Press, 2017
Matèries:
Etiquetes: Afegir etiqueta
Sense etiquetes, Sigues el primer a etiquetar aquest registre!

MARC

LEADER 00000 a2200000 4500
003 CL-VaPUC
005 20230927124428.0
008 210921b2017 ||||| |||| 00| 0 eng d
999 |c 433547  |d 433545 
020 |a 9781594205583 
040 |c Pontificia Universidad Católica de Valparaíso 
082 |a 303.44 WES 2017 
100 1 |a West, Geoffrey  |9 862943 
245 1 |a Scale.  |b The Universal Laws of Growth, Innovation, Sustainability, and the Pace of Life in Organisms, Cities, Economies, and Companies 
260 |a New York, USA.  |b Penguin Press,   |c 2017 
300 |a 479 páginas  
583 |k Cristina Rojas  |c 20210921 
650 |a Ciencia  |x Filosofía  |9 863059 
650 0 |a Ciencias sociales  |x Metodología  |9 863060 
650 |a Desarrollo sostenible   |9 537755 
650 |a Ecología urbana (Sociología)  |9 863061 
650 0 |a Evolución  |9 259442 
942 |2 ddc  |c BK 
952 |0 0  |1 0  |2 ddc  |4 0  |6 303_440000000000000_WES_2017  |7 0  |8 A  |9 578868  |a BIBCUR  |b BIBCUR  |d 2021-09-21  |e 1  |g 25897.00  |i 5588758  |o 303.44 WES 2017  |p 5588758  |r 2025-04-22  |t 1  |v 25897.00  |w 2021-09-21  |y BK  |k FIS 
952 |0 0  |1 0  |2 ddc  |4 0  |6 303_440000000000000_WES_2017  |7 0  |8 A  |9 578888  |a BIBCUR  |b BIBCUR  |d 2021-09-27  |e 1  |g 25897.00  |i 5588901  |o 303.44 WES 2017  |p 5588901  |r 2025-04-22  |t 2  |v 25897.00  |w 2021-09-27  |y BK  |k FIS